000 00805nas a2200253 4500
001 BR2013001525
003 BR-BrBNA
005 20231205122016.0
007 ta
008 230509b bl.|||p| |||| 00| 00por d
040 _aBR-BrBNA
_bpor
_cBiblioteca Nacional de Agricultura
041 _a(En)
072 _aE16; L01
100 1 _aBotaro, B.G.
100 1 _aCarneiro, A.H.
100 1 _aSantos, M.V. dos
245 1 _aQuality based payment program and milk quality indairy cooperatives of southern Brazil: an economic analysis
650 _aLEITE
650 _aPRODUÇÃO LEITEIRA
650 _aANÁLISE ECONÔMICA
773 0 _tScientia Agricola (Brazil)
_xISSN 0103-9016
_g(Jan-Feb 2013), v. 70(1) p. 21-26
_wBR2013001525
909 _a202311
_bLúcia
_c55
_dLúcia Elande
942 _2AGRIS
_n0
_cANA
999 _c226426
_d226426